Представление документа в формате MARC21

ПолеНазваниеЗначение
  Тип записи a
  Библиографический уровень m
001 Контрольный номер RU\infra-m\znanium\bibl\2168877
005 Дата корректировки 20260429142221.2
008 Кодируемые данные 241001s2024 RU g rus u
020 Индекс ISBN __
a ISBN 978-5-16-020425-3
020 Индекс ISBN __
a ISBN 978-5-16-107224-0 (электр. издание)
040 Источник каталогиз. __
a Служба первич. каталог. Общество с ограниченной ответственностью «ЗНАНИУМ»
041 Код языка издания __
a Код языка текста rus
044 Код страны публикации __
a Код страны публикации RU
080 Индекс УДК __
a Индекс УДК 536.24(075.8)
084 Индекс другой классификации/Индекс ББК __
2 Источник индекса rubbk
a Индекс другой классификации/Индекс ББК 31.31я73
084 Индекс другой классификации/Индекс ББК __
2 Источник индекса okso
a Индекс другой классификации/Индекс ББК 11.03.03
084 Индекс другой классификации/Индекс ББК __
2 Источник индекса okso
a Индекс другой классификации/Индекс ББК 11.03.04
084 Индекс другой классификации/Индекс ББК __
2 Источник индекса okso
a Индекс другой классификации/Индекс ББК 13.03.01
084 Индекс другой классификации/Индекс ББК __
2 Источник индекса okso
a Индекс другой классификации/Индекс ББК 13.03.02
084 Индекс другой классификации/Индекс ББК __
2 Источник индекса okso
a Индекс другой классификации/Индекс ББК 13.03.03
084 Индекс другой классификации/Индекс ББК __
2 Источник индекса okso
a Индекс другой классификации/Индекс ББК 21.03.01
100 Автор __
a Автор Чередниченко В.С.
q Полное имя Чередниченко Владимир Семенович
u Дополнение Новосибирский государственный технический университет
245 Заглавие __
a Заглавие Теплопередача. В 2 частях. Часть 2. Упражнения и задачи
b Продолж. заглавия Учебное пособие
c Ответственность Новосибирский государственный технический университет
250 Сведения об издании __
a Основные сведения об издании 1
260 Выходные данные __
a Место издания Москва
b Издательство ООО "Научно-издательский центр ИНФРА-М"
c Дата издания 2025
300 Физическое описание __
a Объем 348 с.
440 Серия __
a Серия Высшее образование
520 Аннотация __
a Аннотация В учебном пособии приводятся краткие теоретические сведения по теплопередаче и теплообмену а также упражнения и задачи по теплопередаче в различном электротехническом электромеханическом энергетическом и электротехнологическом оборудовании. Типовые задачи снабжены подробными решениями остальные задачи и упражнения — ответами и методическими рекомендациями. Может быть полезно студентам изучающим разделы теплопередачи и тепломассообмена.
521 Примеч. о цел. назн. __
a Примеч. о целев. назн. ВО - Бакалавриат
650 Тематические рубрики __
a Основная рубрика Промышленность. Энергетика
x Основная подрубрика Теплоэнергетика. Теплотехника
655 Указ. предметных рубрик (устаревшее) __
a Жанр/ форма (устаревшее) Учебное пособие
700 Другие авторы __
a Другие авторы Синицын В.А.
q Полное имя Синицын Валерий Алексеевич
u Дополнение Новосибирский государственный технический университет
700 Другие авторы __
a Другие авторы Алиферов А.И.
q Полное имя Алиферов Александр Иванович
u Дополнение Новосибирский государственный технический университет
700 Другие авторы __
a Другие авторы Шаров Ю.И.
q Полное имя Шаров Юрий Иванович
u Дополнение Новосибирский государственный технический университет
856 Электронный адрес документа 4_
a Имя сервера/домена znanium.ru
m Помощь ebs_support@infra-m.ru
n Местонахождение сервера НИЦ ИНФРА-М
u URL https://znanium.ru/catalog/document?id=453302
856 Электронный адрес документа 48
a Имя сервера/домена znanium.ru
d Путь /cover/2168
f Электронное имя 2168877.jpg
q Тип электронного формата image/jpeg
u URL https://znanium.ru/cover/2168/2168877.jpg
911 __
u 0030=https://znanium.ru/catalog/document?id=453302